00608nam a2200229 a 4500001001300000003000900013005001700022008004100039020001000080082002000090100001200110245002300122260002300145300000800168500003500176650002200211700001200233902000800245942000700253952010100260999001700361nice12345678IN_TiNIC20260116014236.0070312s2000 dela grd 000 0 hin  ac10000a324.245408bANH aAnhad,  aUs Subah Ki Khatir aDelhibAnhadc2000 a00p aincludes index and biblioraphy aCommunalism-India1 aAnhad,  bSRS cND 00104070aHMIbHMId2008-06-23g100.00l0o324.245408 ANHp021412r2008-06-23w2026-01-16yVM c14484d14484